| 000 | 00739nam a2200205Ia 4500 | ||
|---|---|---|---|
| 003 | Ost | ||
| 005 | 20260507075028.0 | ||
| 008 | 260507s9999||||xx |||||||||||||| ||und|| | ||
| 040 | _cfsecg | ||
| 041 | _aara | ||
| 082 | _a330 | ||
| 100 |
_aقزمان، منير _eمؤلف |
||
| 245 | 0 |
_aالبيوع التجارية في ضوء الفقه والقضاء / _c منير قزمان |
|
| 260 |
_aالإسكندرية: _bدار الفكر الجامعي, _c2003 |
||
| 300 |
_a194 صفحة؛ _bإيضاحات ؛ _c24 سم |
||
| 520 | _aالأحكام العامة، الأحكام الخاصة ببعض أنواع البيوع التجارية | ||
| 653 | _aأدارة المبيعات | ||
| 653 | _aالمبيعات | ||
| 942 | _cكتاب | ||
| 999 |
_c42367 _d42367 |
||